| 000 | 00491nam a2200181Ia 4500 | ||
|---|---|---|---|
| 001 | 8141 | ||
| 005 | 20260306160547.0 | ||
| 008 | 260306t2018||||xx |||||||||||||| ||spa|| | ||
| 041 | _aESP | ||
| 082 |
_a370.1 _bL587 |
||
| 100 |
_aLuri Medrano, Gregorio, _eAUT |
||
| 245 | 0 |
_aEl deber moral de ser inteligente : _bconferencias y artículos sobre la educación y la vida |
|
| 260 | _c2018 | ||
| 300 |
_a226 páginas : _c22 cm. |
||
| 650 | _aGEN | ||
| 654 | _aCED | ||
| 942 |
_cLIB _dJUS _fJUS _2ddc _n |
||
| 999 |
_c8141 _d8141 |
||